000 00279nam a22001337a 4500
008 180919b xxu||||| |||| 00| 0 eng d
020 _a0123072085
041 _aeng
080 _a541
100 _a12
101 _aKIM
245 _aThe Bacteria
_cWoese, C.R
942 _2udc
_cBK
999 _c48082
_d48082